000 00685nam a2200241Ia 4500
003 OSt
005 20220923220629.0
006 a|||||r|||| 00| 0
007 ta
008 220922b |||||||| |||| 00| 0 hin d
024 _a188,076
037 _cTextual
040 _aARTS
_cARTS
_bhin
041 _2hin
_ahin
082 _aV275:1:N5, 152L0
100 _aतिवारी, हंसकुमार
_9156292
245 0 _aबंगाल
246 _aBangāla
260 _c1970
490 _aभारत दर्शन माला; 4
942 _hV275:1:N5, 152L0
_cTEXL
_2CC
999 _c341152
_d341152